000 00466nam a22001937a 4500
003 MPLRDC
005 20220104143632.0
008 210129b ||||| |||| 00| 0 eng d
020 _a957-560-294-3
082 _a848.2 YGZ-29
100 _a余光中 著
245 _a从徐霞客到梵谷
_c
250 _a初版
260 _a
_b九歌出版社
_c1994
300 _b
490 _a九歌文库; 374
650 _a现代别集
942 _cBK
_o848.2 YGZ-29
999 _c41842
_d41832